00502 2200181 4500001002100000005001500021035002000036007000300056008004100059020002300100082001000123084001600133100002100149245004400170260004000214300004600254650002000300INLIS00000000000038520221028020544 a0010-1022000127ta221028 a 1 ind  a978-602-*252-815-9 a741.5 a741.5 ANI r0 aAnies Listyowati1 aRoki Biang Keringat /cAnies Listyowati aJakarta :bErlangga For Kids,c2014 a22 halaman :bilustrasi berwarna ;c22 cm 4aSeri Anak Sehat